Normal view
MARC view
- فن اسلامي-زخرفة اسلامية-عمارة اسلامية - الاندلس-اندلس - تاريخ
Entry Topical Term
001 - CONTROL NUMBER
- control field: 36898
003 - CONTROL NUMBER IDENTIFIER
- control field: JO-AjAnu
005 - DATE AND TIME OF LATEST TRANSACTION
- control field: 20230606080146.0
008 - FIXED-LENGTH DATA ELEMENTS
- fixed length control field: 230606|| aca||aabn | a|a d
040 ## - CATALOGING SOURCE
- Original cataloging agency: JO-AjAnu
- Transcribing agency: JO-AjAnu
150 ## - HEADING--TOPICAL TERM
- Topical term or geographic name entry element: فن اسلامي-زخرفة اسلامية-عمارة اسلامية - الاندلس-اندلس - تاريخ
670 ## - SOURCE DATA FOUND
- Source citation: Work cat.: (JO-AjAnu)18938: طاهر، كاظم شمهود تأليف, author 36897, الأندلس و الفن الإسلامي